| 000 | 00887na a2200253 4500 | ||
|---|---|---|---|
| 001 | 18222 | ||
| 003 | MIRAKIL | ||
| 005 | 20181213155120.0 | ||
| 008 | 161115b tu 000 0 | ||
| 020 | _a9751923182 | ||
| 035 | _a18222 | ||
| 040 |
_aMilas _btur _cTR-AnCHP |
||
| 041 | _atur | ||
| 082 |
_a323 _bH84 1999 |
||
| 090 | _a323 H84 1999 | ||
| 111 |
_aHukukun Üstünlüğü Demokrasi ve İnsan Hakları _cAnkara _d1999 |
||
| 245 |
_aHukukun üstünlüğü demokrasi ve insan hakları _bSivil toplum örgütleriyle düzenlenen çalışma toplantısı _c[Basın Yayın Enformasyon Genel Müdürlüğü] |
||
| 260 |
_aAnkara _bBaşbakanlık |
||
| 300 |
_a219 s. _c25 sm. |
||
| 610 | _a[Basın Yayın Enformasyon Genel Müdürlüğü] | ||
| 650 |
_aHukuk _xİnsan hakları _yToplantılar _zTürkiye |
||
| 650 |
_aHukuk _xİnsan hakları _yToplantılar _zTürkiye |
||
| 942 |
_2ddc _cBKS |
||
| 999 |
_c6821 _d6821 |
||